000 00600nam a22001937a 4500
003 NUST
005 20210112131717.0
008 210112b ||||| |||| 00| 0 eng d
020 _a9781292024967
038 _aSNS Library Staff
082 _a512.2 FRA 2014
100 _aJohn B. Fraleigh
_935594
245 _aA First Course in Abstract Algebra
_cJohn B. Fraleigh
250 _a7th edition
_bPearson New International Edition
260 _aGreat Britain
_bPearson
_c2014
300 _a456p.
_bPb.
440 _aA First Course in Abstract Algebra
_935595
942 _2ddc
_cBK
_k512.2 FRA 2014
999 _c541230
_d541230